Mesačná analýza finančnej situácie podniku
Mesačná účtovná analýza - zdroj informácií pre mesačnú finančnú analýzu. Postup a nástroje mesačnej finančnej analýzy. Absolútne finančné ukazovatele. Pomerové finančné ukazovatele. Ukazovatele likvidity, ukazovatele aktivity, ukazovatele rentability a hospodárnosti, ukazovatele využitia pracovnej s...
Guardado en:
| Autor principal: | |
|---|---|
| Formato: | Capítulo de libro |
| Lenguaje: | eslovaco |
| Materias: | |
| Etiquetas: |
Sin Etiquetas, Sea el primero en etiquetar este registro!
|
MARC
| LEADER | 00000naa a2200000 4500 | ||
|---|---|---|---|
| 001 | r025865 | ||
| 005 | 20230912111930.7 | ||
| 041 | 0 | |a slo | |
| 044 | |a SK | ||
| 245 | 1 | 0 | |a Mesačná analýza finančnej situácie podniku |c Jana Šnircová |
| 520 | |a Mesačná účtovná analýza - zdroj informácií pre mesačnú finančnú analýzu. Postup a nástroje mesačnej finančnej analýzy. Absolútne finančné ukazovatele. Pomerové finančné ukazovatele. Ukazovatele likvidity, ukazovatele aktivity, ukazovatele rentability a hospodárnosti, ukazovatele využitia pracovnej sily. Objektivizácia výsledkov mesačnej finančnej analýzy. Vyčíslenie finančných pomerových ukazovateľov. Objektivizácia výsledkov finančnej analýzy v čase. Komentár k výsledkom analýzy. | ||
| 610 | 2 | 0 | |a analýza finančná |
| 610 | 2 | 0 | |a situácia finančná podniku |
| 610 | 2 | 0 | |a ukazovatele finančné |
| 610 | 2 | 0 | |a zdroje informácií |
| 610 | 2 | 0 | |a výkazy účtovné |
| 610 | 2 | 0 | |a likvidita |
| 610 | 2 | 0 | |a solventnosť |
| 610 | 2 | 0 | |a hospodárstvo podniku finančné |
| 100 | 1 | |a Šnircová, Jana, 1971- | |